Die einwohnerstärksten Städte in Sachsen - Statistiken

Allgemein
  • Dieses Quiz wurde 219 mal gespielt
  • Das Durchschnittsergebnis liegt bei 11 aus 15
Antwortstatistiken
Einwohner Stadt % Korrekt
246.353 Chemnitz
99%
547.172 Dresden
99%
571.088 Leipzig
99%
90.515 Zwickau
94%
55.904 Görlitz
90%
39.963 Bautzen / Budyšin
86%
65.049 Plauen
82%
41.642 Freiberg
66%
27.984 Meißen
64%
38.187 Pirna
62%
39.361 Freital
55%
30.894 Riesa
54%
33.552 Hoyerswerda / Wojerecy
51%
33.826 Radebeul
45%
28.322 Grimma
38%
Keine übereinstimmenden Quizze gefunden
Verteilung der Resultate
Anzahl Personen mit jedem Resultat
Perzentil nach korrekt beantworteten Fragen
Ihre Resultats-Entwicklung
Sie haben dieses Quiz noch nicht gespielt